Getting it together : organising the reading-writing classroom / edited by Walter McVitty and the Publications Committee.

Bibliographic Details
Corporate Author: Primary English Teaching Association (Australia)
Other Authors: McVitty, Walter, 1934-
Format: Book
Language:English
Published: Rozelle, Australia : Primary English Teaching Association ; [1986]
Subjects:

MARC

Tag First Indicator Second Indicator Subfields
LEADER 00000cam a2200000 a 4500
001 in00000011527
005 20151007052102.0
008 870814s1986 at a b 00100 eng d
020 |a 0909955638 
035 |a (OCoLC)16464303 
035 |9 AAA6213AM 
040 |a LSL  |c LSL  |d WAU  |d TXA  |d UtOrBLW 
049 |a TXAM  |c [A12640473] 
050 4 |a LB1528  |b .G37 1986b 
245 0 0 |a Getting it together :  |b organising the reading-writing classroom / edited by Walter McVitty and the Publications Committee. 
264 1 |a Rozelle, Australia :  |b Primary English Teaching Association ;  |c [1986] 
264 2 |a Portsmouth N.H. :  |b Distributed in the U.S.A. by Heinemann Educational Books, 
264 4 |c ©1986 
300 |a 121 pages :  |b illustrations ;  |c 17 x 24 cm. 
336 |a text  |b txt  |2 rdacontent 
337 |a unmediated  |b n  |2 rdamedia 
338 |a volume  |b nc  |2 rdacarrier 
504 |a Includes bibliographies and index. 
650 0 |a Language arts (Primary) 
650 0 |a English language  |x Composition and exercises. 
650 0 |a Reading (Primary)  |x Language experience approach. 
710 2 |a Primary English Teaching Association (Australia) 
700 1 |a McVitty, Walter,  |d 1934- 
999 |a MARS 
999 f f |s a356ae86-a532-31d1-9a43-2d6057b5fe78  |i e999f9d1-793f-35a1-963f-b5303311ad4f  |t 0 
952 f f |p normal  |a Texas A&M University  |b College Station  |c Sterling C. Evans Library  |d Evans: Library Stacks  |t 0  |e LB1528 .G37 1986b  |h Library of Congress classification  |i unmediated -- volume  |m A14812640473 
998 f f |a LB1528 .G37 1986b  |t 0  |l Evans: Library Stacks